Movies Quiz

Random Movies or Role Quiz
Score 0/26 Timer 05:00
0 Plays Today
What He Did Paxton or Pullman % Correct
Bounced around in outer space with Hanks and Bacon in *Apollo 13*???
83.3%
Roused rebel forces by concluding a big speech with the title of the film in *Independence Day*???
83.3%
Rediscovered love for Helen Hunt while chasing tornadoes in *Twister*???
83%
Proposed to Sandra Bullock by dropping a ring into a token slot at the train station in *While You Were Sleeping*???
79.6%
Tried unsuccessfully to coax a very large diamond out of a very old lady in *Titanic*???
79%
Was the only man who dared give Lord Dark Helmet the raspberry in *Spaceballs*???
77.1%
Tried to communicate with the dead as well as daughter Christina Ricci in *Casper*???
76.8%
Settled in with his three wives on HBO's *Big Love*???
76.4%
Declared it to be game over, man, in *Aliens*???
74.3%
Was dumped by Meg Ryan for Tom Hanks in *Sleepless in Seattle*???
73.9%
Gave a very colorful description of Jamie Lee Curtis's figure in *True Lies*???
70.9%
Was killed, most likely by a giant alien hunter of some kind, in *Predator 2*???
70.6%
Was shot and killed in the Wyatt Earp film *Tombstone*???
68.1%
What He Did Paxton or Pullman % Correct
Had bit parts in both *The Terminator* and *Stripes*???
65.9%
Stalked and kidnapped Ellen Degeneres in *Mr. Wrong*???
64.5%
Was duped and double-crossed by Alec Baldwin and Nicole Kidman in *Malice*???
59.5%
Allowed Matthew McConaughey a speedy promotion to Captain by buying the farm early in *U-571*???
58.6%
Played Jimmy Buffett-ish 'Coconut Pete' in Broken Lizard's Super Troopers follow-up *Club Dread*???
58.5%
Played the saxophone and...well, definitely played the saxophone in *Lost Highway*???
57.9%
Was hunted by both Ice Cube and Ice T in an abandoned building while searching for hidden treasure (no, really) in *Trespass*???
57.5%
Tried to maintain his dignity while being upstaged by a blind, defecating Carmen Electra in *Scary Movie 4*???
57%
Kicked off the film by flinging himself off a balcony in *The Grudge*???
54.6%
Appeared alongside Paul Giamatti and Topher Grace in the HBO film *Too Big to Fail*???
52.2%
Can put the character name ''Dinky Winks'' on his résumé thanks to the latter two *Spy Kids* films???
45.3%
Was shot and killed in the Wyatt Earp film *Wyatt Earp*???
43.4%
Only one of the two who currently has his own tag on this website???
39.1%
Remove Ads.
Support Sporcle.
Get the best of Sporcle when you Go Orange. This ad-free experience offers more features, more stats, and more fun while also helping to support Sporcle. Thank you for becoming a member.

You're not logged in!

Compare scores with friends on all Sporcle quizzes.
OR
Log In

Show Comments

Extras

Top Quizzes Today


Score Distribution

Your Account Isn't Verified!

In order to create a playlist on Sporcle, you need to verify the email address you used during registration. Go to your Sporcle Settings to finish the process.

Report this User

Report this user for behavior that violates our Community Guidelines.

Details: